000 00855nam a2200277Ia 4500
001 Z_1341
003 CHAP
008 220113s1989 xx 000 0 und d
010 _a164429
040 _cCHAP
090 _aTesis S 442
100 _aSevilla Paniagua, Luis
_9105406
245 _aNecesaria e imprescindible participación de la ingeniería mecánica, en la crianza de cerdos /
_cpor Luis Sevilla Paniagua
260 _aMéxico, D.F. :
_bEl autor,
_c1989
300 _a77 h. ; ilus.
502 _aTesis (Ing. Mecánico) -- IPN. Escuela Superior de Ingeniería Mecánica y Eléctrica
650 _aGanado porcino
_xAlojamiento
_945331
650 _aGanado porcino
_xCría de
_945350
650 _aIngeniería mecánica
_958260
901 _aTESIS S 442
902 _aM
910 _a1989
942 _c2
942 _c2
999 _c164429
_d164429